[Event "Krakow op-A 34th"]
[Site "Krakow"]
[Date "2023.12.29"]
[Round "3"]
[White "Hnatyshyn, Anastasiya"]
[Black "Turski, Bartlomiej"]
[Result "0-1"]
[WhiteElo "2152"]
[BlackElo "2380"]
[PlyCount "90"]
[EventDate "2023.12.27"]
[EventType "swiss"]
[EventRounds "9"]
[EventCountry "POL"]
[SourceTitle "CB02_2024"]
[SourceDate "2024.01.10"]
[SourceVersion "1"]
[SourceVersionDate "2024.01.10"]
[SourceQuality "1"]

1. e4 c5 2. Nf3 e6 3. d4 cxd4 4. Nxd4 Nf6 5. Nc3 d6 6. Bg5 h6 7. Be3 a6 8. a4 b6 9. Be2 Bb7 10. f3 Be7 11. 0-0 0-0 12. Qe1 Nbd7 13. Qf2 Rc8 14. Rfd1 Ne5 15. Nb3 Nfd7 16. Qf1 Qc7 17. Nd2 Nc5 18. Rac1 f5 19. f4 Nxe4 20. Ncxe4 fxe4 21. Qf2 Ng6 22. g3 e5 23. f5 d5 24. c3 Bc5 25. Nf1 Ne7 26. Bg4 a5 27. b4 Bxe3 28. Qxe3 Nxf5 29. Qd2 Rcd8 30. Qe2 Qe7 31. Ne3 Nxe3 32. Qxe3 axb4 33. Qxb6 bxc3 34. Rxc3 Kh8 35. h4 d4 36. Rc7 Qa3 37. Kg2 Qa2+ 38. Kh3 h5 39. Bxh5 Bc8+ 40. Rxc8 Rxc8 41. Qg6 Qd5 42. Qg5 Rc6 43. Rb1 e3 44. Bg4 Qe4 45. Qe7 Rcf6 0-1

[Event "Krakow op-A 34th"]
[Site "Krakow"]
[Date "2023.12.28"]
[Round "2"]
[White "Turski, Bartlomiej"]
[Black "Szczurek, Krzysztof"]
[Result "1/2-1/2"]
[WhiteElo "2380"]
[BlackElo "2175"]
[PlyCount "120"]
[EventDate "2023.12.27"]
[EventType "swiss"]
[EventRounds "9"]
[EventCountry "POL"]
[SourceTitle "CB02_2024"]
[SourceDate "2024.01.10"]
[SourceVersion "1"]
[SourceVersionDate "2024.01.10"]
[SourceQuality "1"]

1. e4 c5 2. Nf3 d6 3. d4 cxd4 4. Nxd4 Nf6 5. Nc3 a6 6. Rg1 e5 7. Nb3 Be6 8. g4 d5 9. exd5 Nxd5 10. Nxd5 Bxd5 11. Rg3 Be6 12. Qxd8+ Kxd8 13. Bd2 Nc6 14. Na5 Nd4 15. 0-0-0 Kc7 16. Rc3+ Kb8 17. Bf4 exf4 18. Rxd4 Be7 19. Rcd3 Kc7 20. Bg2 Rad8 21. Rc3+ Kb6 22. Rxd8 Rxd8 23. Nxb7 f3 24. Bxf3 Bg5+ 25. Kb1 Rd2 26. Rc6+ Ka7 27. Nc5 Bd5 28. Rxa6+ Kb8 29. Nd7+ Kc7 30. Ra7+ Kd8 31. Ne5 Bxf3 32. a4 Bd5 33. c4 Be4+ 34. Ka2 Bf6 35. f4 Bxe5 36. fxe5 Rd7 37. Rxd7+ Kxd7 38. b4 Ke6 39. Kb3 Kxe5 40. b5 Kd6 41. Kb4 h5 42. g5 f5 43. gxf6 gxf6 44. c5+ Kc7 45. Kc3 f5 46. Kd4 Bc2 47. Ke5 Kb7 48. a5 Bd3 49. h4 Bxb5 50. Kxf5 Bd7+ 51. Kg6 Bg4 52. Kg5 Kc7 53. a6 Kc6 54. Kh6 Bf3 55. Kg5 Kc7 56. Kh6 Kc6 57. Kg5 Kxc5 58. a7 Kb6 59. a8B Bxa8 60. Kxh5 Bf3+ 1/2-1/2

[Event "POL-ch U20"]
[Site "Chotowa"]
[Date "2023.10.25"]
[Round "3"]
[White "Kacprzak, Kacper"]
[Black "Turski, Bartlomiej"]
[Result "0-1"]
[WhiteElo "2250"]
[BlackElo "2334"]
[PlyCount "62"]
[EventDate "2023.10.24"]
[EventType "swiss"]
[EventRounds "9"]
[EventCountry "POL"]
[SourceTitle "Mega2024 Update 01"]
[Source "Chessbase"]
[SourceDate "2023.11.12"]
[SourceVersion "1"]
[SourceVersionDate "2023.11.12"]
[SourceQuality "1"]

1. e4 c5 2. Nf3 Nc6 3. d4 cxd4 4. Nxd4 Nf6 5. Nc3 d6 6. Bg5 e6 7. Qd2 a6 8. 0-0-0 Bd7 9. f4 Be7 10. Nf3 b5 11. Bxf6 gxf6 12. f5 Qb6 13. Qh6 0-0-0 14. Qh5 Rhf8 15. Bd3 Ne5 16. Rhe1 b4 17. Ne2 Nxd3+ 18. Rxd3 Bb5 19. Nf4 Bxd3 20. cxd3 Kb8 21. fxe6 Rc8+ 22. Kb1 fxe6 23. Nxe6 Qf2 24. Ned4 Rc5 25. Qxh7 Rfc8 26. Qh6 Rc2 27. Nxc2 Rxc2 28. Ka1 Rxb2 29. Qc1 Rxa2+ 30. Kb1 b3 31. Qc3 Ra1+ 0-1

[Event "POL-ch U20"]
[Site "Chotowa"]
[Date "2023.10.25"]
[Round "2"]
[White "Turski, Bartlomiej"]
[Black "Stepinski, Piotr"]
[Result "1-0"]
[WhiteElo "2334"]
[BlackElo "1991"]
[PlyCount "47"]
[EventDate "2023.10.24"]
[EventType "swiss"]
[EventRounds "9"]
[EventCountry "POL"]
[SourceTitle "Mega2024 Update 01"]
[Source "Chessbase"]
[SourceDate "2023.11.12"]
[SourceVersion "1"]
[SourceVersionDate "2023.11.12"]
[SourceQuality "1"]

1. e4 c6 2. d4 d5 3. e5 c5 4. dxc5 e6 5. Bd3 Nd7 6. Nf3 Nxc5 7. Be2 Ne7 8. 0-0 Qc7 9. Bf4 Ng6 10. Bg3 Ne4 11. c4 dxc4 12. Nbd2 Nxg3 13. hxg3 Nxe5 14. Nxe5 Qxe5 15. Nxc4 Qc7 16. Rc1 Bd7 17. Qd4 Qc5 18. Qf4 g5 19. Qf6 Rg8 20. Bh5 Rg7 21. Rfd1 Qf5 22. Nd6+ Bxd6 23. Qxg7 Bf8 24. Qxf7+ 1-0

[Event "POL-chT 1st League"]
[Site "Leba"]
[Date "2023.09.23"]
[Round "1.2"]
[White "Turski, Bartlomiej"]
[Black "Padalka, Artem"]
[Result "1-0"]
[WhiteElo "2334"]
[BlackElo "2181"]
[PlyCount "101"]
[EventDate "2023.09.23"]
[EventType "team-swiss"]
[EventRounds "9"]
[EventCountry "POL"]
[SourceTitle "EXT 2024"]
[Source "ChessBase"]
[SourceDate "2023.10.10"]
[SourceVersion "1"]
[SourceVersionDate "2023.10.10"]
[SourceQuality "1"]
[WhiteTeam "Bydgoszcz Energia Gwiazda"]
[BlackTeam "Chylice Laura"]
[WhiteTeamCountry "POL"]
[BlackTeamCountry "POL"]

1. Nf3 Nf6 2. c4 c5 3. b3 g6 4. Bb2 Bg7 5. g3 d5 6. cxd5 Qxd5 7. Bg2 Nc6 8. Nc3 Qh5 9. h3 Nd4 10. g4 Nxf3+ 11. Bxf3 Qh4 12. Nd5 0-0 13. Nxe7+ Kh8 14. Nxc8 Raxc8 15. Bxb7 Rc7 16. Bg2 Nh5 17. Bxg7+ Nxg7 18. 0-0 f5 19. e3 h5 20. Qf3 Rcf7 21. gxh5 Nxh5 22. Rac1 g5 23. Rc4 f4 24. Qg4 Rf5 25. Bf3 Ng7 26. Qxh4+ gxh4 27. Bg4 Rd5 28. Rd1 f3 29. d4 cxd4 30. Rcxd4 Rg5 31. Rd8 Ne6 32. Rxf8+ Nxf8 33. Kh2 Rc5 34. Rd2 Kg7 35. Bxf3 Kf6 36. Kg2 Ne6 37. Rd5 Rc2 38. Ra5 Nc5 39. Bd1 Rc1 40. Be2 Rc2 41. b4 Ne6 42. Bf3 Rc7 43. Ra6 Ke5 44. Bg4 Ng7 45. b5 Kd5 46. Rc6 Re7 47. a4 Ne8 48. Bf3+ Ke5 49. Rc4 Rg7+ 50. Rg4 Rh7 51. Re4+ 1-0

[Event "POL-ch Rapid U18"]
[Site "Bydgoszcz"]
[Date "2023.08.30"]
[Round "8"]
[White "Bancarewicz, Aleks"]
[Black "Turski, Bartlomiej"]
[Result "0-1"]
[WhiteElo "1949"]
[BlackElo "2247"]
[PlyCount "110"]
[EventDate "2023.08.28"]
[EventType "swiss"]
[EventRounds "11"]
[EventCountry "POL"]
[SourceTitle "EXT 2024"]
[Source "ChessBase"]
[SourceDate "2023.10.10"]
[SourceVersion "1"]
[SourceVersionDate "2023.10.10"]
[SourceQuality "1"]

1. e4 c5 2. Nf3 Nc6 3. d4 cxd4 4. Nxd4 Nf6 5. Nc3 d6 6. Bg5 Bd7 7. Qd2 Rc8 8. f4 Nxd4 9. Qxd4 Qa5 10. e5 dxe5 11. fxe5 e6 12. 0-0-0 Bc5 13. Qd2 Nd5 14. Nxd5 Qxd2+ 15. Bxd2 exd5 16. Bd3 h6 17. Rhf1 Be6 18. Bf5 Ke7 19. Rf3 Bxf5 20. Rxf5 Ke6 21. Rdf1 Rhf8 22. a3 b6 23. Kd1 a5 24. c3 a4 25. Ke2 b5 26. Be3 Bxe3 27. Kxe3 Rc4 28. R5f4 Rxf4 29. Rxf4 Kxe5 30. Rb4 Rb8 31. g3 f5 32. Kf3 g5 33. h3 Kd6 34. Rd4 Re8 35. Kf2 Kc5 36. Kf1 Re4 37. Rd2 Kc4 38. Kf2 f4 39. gxf4 Rxf4+ 40. Kg3 h5 41. Kg2 h4 42. Kg1 d4 43. cxd4 Rxd4 44. Rg2 Rd5 45. Rg4+ Kb3 46. Rb4+ Ka2 47. Kf1 Rd1+ 48. Ke2 Rb1 49. Rxb5 Rxb2+ 50. Rxb2+ Kxb2 51. Kd2 Kxa3 52. Kc3 g4 53. hxg4 h3 54. g5 h2 55. g6 h1Q 0-1

[Event "POL-ch Rapid U18"]
[Site "Bydgoszcz"]
[Date "2023.08.30"]
[Round "9"]
[White "Turski, Bartlomiej"]
[Black "Klimkowski, Jan"]
[Result "1/2-1/2"]
[WhiteElo "2247"]
[BlackElo "2347"]
[PlyCount "231"]
[EventDate "2023.08.28"]
[EventType "swiss"]
[EventRounds "11"]
[EventCountry "POL"]
[SourceTitle "EXT 2024"]
[Source "ChessBase"]
[SourceDate "2023.10.10"]
[SourceVersion "1"]
[SourceVersionDate "2023.10.10"]
[SourceQuality "1"]

1. e4 c5 2. Nf3 d6 3. d4 cxd4 4. Nxd4 Nf6 5. Nc3 a6 6. h4 e5 7. Nb3 h6 8. f3 Be6 9. Be3 Nbd7 10. Qd2 Rc8 11. g4 Be7 12. 0-0-0 Nb6 13. Be2 Nfd7 14. g5 h5 15. Nd5 Bxd5 16. exd5 Qc7 17. c3 0-0 18. f4 g6 19. Kb1 Nc4 20. Bxc4 Qxc4 21. Rhf1 Rce8 22. Qc2 exf4 23. Rxf4 Qc8 24. Bd4 Ne5 25. Rdf1 Qh3 26. Nd2 Qd3 27. Qxd3 Nxd3 28. Re4 Bd8 29. Kc2 Nc5 30. Bxc5 dxc5 31. Rfe1 Rxe4 32. Nxe4 f6 33. Nxc5 fxg5 34. hxg5 Bxg5 35. Nxb7 h4 36. d6 h3 37. d7 Rf2+ 38. Kb3 Rd2 39. Rh1 Rxd7 40. Nc5 Rh7 41. Ne4 Be7 42. Kc2 g5 43. Kd3 g4 44. Nf2 g3 45. Nxh3 g2 46. Rg1 Rxh3+ 47. Ke2 Rh2 48. Kf3 Kf7 49. Rxg2 Rh1 50. Ke3 Bd6 51. Kd3 Ke6 52. Kc4 Kd7 53. Kb3 Kc6 54. Rg6 Rh5 55. Rg2 Rh6 56. Rg5 Kb6 57. Rg2 Rf6 58. Re2 Kb5 59. Rg2 Rf5 60. Rg6 Kc5 61. Rh6 Rf4 62. Rh5+ Kc6 63. Rg5 Rh4 64. Rf5 Bc5 65. Rg5 Kb5 66. Rf5 a5 67. a4+ Kc6 68. Rf6+ Bd6 69. Rf5 Bc7 70. Rg5 Rh6 71. Rf5 Re6 72. Rh5 Re2 73. Rh6+ Kd5 74. Rh5+ Be5 75. Rh7 Kc6 76. Rh6+ Bd6 77. Rh5 Bc7 78. Rh6+ Kb7 79. Rh7 Re5 80. Kc4 Kc6 81. Rh6+ Bd6 82. Kb3 Kd5 83. Rh7 Ke4 84. Rb7 Rc5 85. Rb5 Kd3 86. Rb7 Rc8 87. Rb5 Rc5 88. Rb7 Kd2 89. Rb5 Kd3 90. Rb7 Bc7 91. Rb5 Rc6 92. Rd5+ Ke4 93. Rb5 Bb6 94. Rh5 Bc5 95. Kc4 Be3+ 96. Kb3 Bb6 97. Rh4+ Kd3 98. Rh5 Rd6 99. Rb5 Bd8 100. Rh5 Rb6+ 101. Rb5 Rd6 102. Rh5 Rb6+ 103. Rb5 Bc7 104. Rxb6 Bxb6 105. Ka2 Kc4 106. b4 axb4 107. cxb4 Kxb4 108. a5 Kb5 109. a6 Ba7 110. Kb1 Kb6 111. Kc2 Kc7 112. Kb3 Kb8 113. Kc4 Bc5 114. Kxc5 Ka8 115. a7 Kxa7 116. Kd4 1/2-1/2

[Event "POL-ch Rapid U18"]
[Site "Bydgoszcz"]
[Date "2023.08.29"]
[Round "1"]
[White "Turski, Bartlomiej"]
[Black "Bednarczyk, Mateusz"]
[Result "1-0"]
[WhiteElo "2247"]
[BlackElo "1590"]
[PlyCount "195"]
[EventDate "2023.08.28"]
[EventType "swiss"]
[EventRounds "11"]
[EventCountry "POL"]
[SourceTitle "EXT 2024"]
[Source "ChessBase"]
[SourceDate "2023.10.10"]
[SourceVersion "1"]
[SourceVersionDate "2023.10.10"]
[SourceQuality "1"]

1. e4 c5 2. Nf3 d6 3. c3 g6 4. d4 cxd4 5. cxd4 Bg7 6. Nc3 Nf6 7. h3 0-0 8. Be2 a6 9. a4 Nc6 10. 0-0 b6 11. d5 Nb4 12. Be3 Nd7 13. Bd4 Ne5 14. Nxe5 dxe5 15. Be3 f5 16. exf5 Bxf5 17. Rc1 Kh8 18. Qb3 a5 19. Rfd1 Rc8 20. g4 Bd7 21. Ne4 Rxc1 22. Rxc1 Qb8 23. Ng5 Qd6 24. Rd1 h6 25. Ne4 Qc7 26. Bb5 Bxb5 27. axb5 Rd8 28. Nc3 Qb7 29. Qc4 Kh7 30. Qe4 Rd6 31. h4 e6 32. h5 exd5 33. hxg6+ Kh8 34. Qf5 Rf6 35. Qh5 Qd7 36. Bxh6 Bxh6 37. Qxh6+ Kg8 38. Qh7+ Qxh7 39. gxh7+ Kxh7 40. Nxd5 Nxd5 41. Rxd5 Rf4 42. g5 Rb4 43. Rxe5 Rxb2 44. Kg2 a4 45. Kg3 a3 46. f4 a2 47. Re7+ Kg6 48. Ra7 Rxb5 49. Rxa2 Kf5 50. Ra3 Rb4 51. Rd3 Rb5 52. Kf3 Rc5 53. Re3 Rb5 54. Rd3 Rc5 55. Ke3 Rb5 56. Rc3 Rd5 57. Rb3 Ra5 58. Kf3 Rc5 59. Kg3 b5 60. Kf3 b4 61. Rxb4 Rc3+ 62. Kf2 Ra3 63. Ke2 Rc3 64. Rd4 Rh3 65. Rd3 Rh4 66. Rd4 Rh3 67. Rd3 Rh4 68. Rf3 Rh8 69. Ke3 Ra8 70. Kf2 Ra6 71. Kg3 Ra1 72. Kg2 Rb1 73. Kh3 Rh1+ 74. Kg2 Rb1 75. Rf2 Rb3 76. Rf3 Rb1 77. Kg3 Rg1+ 78. Kf2 Ra1 79. Kg2 Rb1 80. Kf2 Ra1 81. Kg3 Rg1+ 82. Kh3 Rh1+ 83. Kg3 Rg1+ 84. Kh4 Rg2 85. Rg3 Rh2+ 86. Rh3 Rf2 87. Kh5 Rxf4 88. g6 Kf6 89. Kh6 Rg4 90. Rf3+ Ke7 91. g7 Rh4+ 92. Kg6 Rg4+ 93. Kh7 Rh4+ 94. Kg8 Rg4 95. Re3+ Kf6 96. Kf8 Rd4 97. g8Q Rd8+ 98. Re8 1-0

[Event "POL-ch Rapid U18"]
[Site "Bydgoszcz"]
[Date "2023.08.29"]
[Round "3"]
[White "Turski, Bartlomiej"]
[Black "Kasprzak, Lukasz"]
[Result "1-0"]
[WhiteElo "2247"]
[BlackElo "1931"]
[PlyCount "129"]
[EventDate "2023.08.28"]
[EventType "swiss"]
[EventRounds "11"]
[EventCountry "POL"]
[SourceTitle "EXT 2024"]
[Source "ChessBase"]
[SourceDate "2023.10.10"]
[SourceVersion "1"]
[SourceVersionDate "2023.10.10"]
[SourceQuality "1"]

1. e4 c6 2. d4 d5 3. f3 dxe4 4. fxe4 e5 5. Nf3 Bg4 6. c3 Nd7 7. Bc4 Bh5 8. 0-0 Ngf6 9. Bg5 Qc7 10. Nbd2 Bd6 11. Qb3 0-0 12. Rae1 Rae8 13. Bd3 Bg6 14. a4 Kh8 15. Qc2 h6 16. Bh4 Nh5 17. Nc4 a6 18. a5 Nf4 19. Nxd6 Qxd6 20. Bg3 Nxd3 21. Qxd3 f6 22. Qc2 Qe6 23. Nh4 Bh7 24. Nf5 Rd8 25. Rd1 Nb8 26. dxe5 fxe5 27. c4 Rxd1 28. Rxd1 Nd7 29. Rd6 Qf7 30. Qd1 Bxf5 31. exf5 Nc5 32. f6 gxf6 33. Qe2 Qg6 34. Bxe5 Qe4 35. Qxe4 Nxe4 36. Rd4 fxe5 37. Rxe4 Re8 38. Kf2 Kg7 39. Ke3 Kf6 40. c5 Rg8 41. g3 Ke6 42. Rh4 Rg6 43. Ke4 h5 44. Rxh5 Rg4+ 45. Kd3 Ra4 46. Rh7 Kd5 47. Rxb7 Kxc5 48. Kc3 Rc4+ 49. Kd3 Ra4 50. Rb6 Ra2 51. b4+ Kd5 52. Rxa6 Rxh2 53. Ra8 Rg2 54. Rd8+ Ke6 55. Kc4 Rc2+ 56. Kb3 Rc1 57. Rd2 Rg1 58. a6 Rxg3+ 59. Ka4 Rg7 60. Ka5 e4 61. Kb6 e3 62. Re2 Rg8 63. Rxe3+ Kd6 64. Rd3+ Ke6 65. Kxc6 1-0

[Event "Suwalki Warakomska Memorial 7th"]
[Site "Suwalki"]
[Date "2023.08.09"]
[Round "4"]
[White "Turski, Bartlomiej"]
[Black "Psyk, Radoslaw"]
[Result "0-1"]
[WhiteElo "2324"]
[BlackElo "2452"]
[PlyCount "52"]
[EventDate "2023.08.07"]
[EventType "swiss"]
[EventRounds "9"]
[EventCountry "POL"]
[SourceTitle "CBM 215 Extra"]
[Source "ChessBase"]
[SourceDate "2023.09.30"]
[SourceVersion "1"]
[SourceVersionDate "2023.09.30"]
[SourceQuality "1"]

1. e4 e6 2. b3 d5 3. Bb2 Nc6 4. e5 d4 5. Nf3 a6 6. Bd3 Bc5 7. Qe2 Nge7 8. c3 Ng6 9. g3 dxc3 10. Bxc3 Bd4 11. Be4 Ngxe5 12. Nxd4 Nxd4 13. Qh5 Qd6 14. f4 Nd7 15. Qd1 Nc5 16. d3 Bd7 17. Nd2 Bb5 18. Nc4 Bxc4 19. dxc4 Nxe4 20. Qxd4 Nxc3 21. Qxg7 Qd3 22. Qxh8+ Ke7 23. Qe5 Ne4 24. Qxc7+ Ke8 25. Qb6 Rd8 26. Qxd8+ Qxd8 0-1

[Event "Titled Tuesday intern op 11th Jul Early"]
[Site "Chess.com INT"]
[Date "2023.07.11"]
[Round "4"]
[White "Turski, Bartlomiej"]
[Black "Kantans, Toms"]
[Result "1-0"]
[WhiteElo "2317"]
[BlackElo "2500"]
[PlyCount "63"]
[EventDate "2023.07.11"]
[EventType "swiss (blitz)"]
[EventRounds "11"]
[EventCountry "USA"]
[SourceTitle "EXT 2024"]
[Source "ChessBase"]
[SourceDate "2023.10.10"]
[SourceVersion "1"]
[SourceVersionDate "2023.10.10"]
[SourceQuality "1"]

1. e4 c5 2. Nf3 Nf6 3. e5 Nd5 4. d4 cxd4 5. c3 Nc6 6. cxd4 d6 7. Bc4 dxe5 8. Bb5 Qa5+ 9. Nc3 Nxc3 10. Bxc6+ bxc6 11. bxc3 Ba6 12. Bd2 exd4 13. cxd4 Qd5 14. Qb3 e6 15. Rc1 Bd6 16. Qxd5 cxd5 17. Rc6 Rb8 18. Rxa6 Rb1+ 19. Ke2 Rxh1 20. Rxd6 Rb1 21. Ne5 0-0 22. Rd7 a5 23. Ra7 Rc8 24. Rxa5 f6 25. Nd3 Rc4 26. Be3 Rc2+ 27. Kf3 Ra1 28. a4 Rc4 29. Nc5 e5 30. Ra8+ Kf7 31. Ra7+ Kg6 32. Ne6 1-0

[Event "Bydgoszcz op-A"]
[Site "Bydgoszcz"]
[Date "2023.06.29"]
[Round "6"]
[White "Chojnacki, Krzysztof"]
[Black "Turski, Bartlomiej"]
[Result "1/2-1/2"]
[WhiteElo "2317"]
[BlackElo "2317"]
[PlyCount "76"]
[EventDate "2023.06.24"]
[EventType "swiss"]
[EventRounds "9"]
[EventCountry "POL"]
[SourceTitle "CBM 215 Extra"]
[Source "ChessBase"]
[SourceDate "2023.09.30"]
[SourceVersion "1"]
[SourceVersionDate "2023.09.30"]
[SourceQuality "1"]

1. d4 Nf6 2. c4 g6 3. Nc3 Bg7 4. e4 d6 5. Nf3 0-0 6. Be2 Nbd7 7. 0-0 e5 8. Be3 Qe7 9. Qc2 c6 10. d5 c5 11. Ne1 Kh8 12. Nd3 Ng8 13. b4 b6 14. a4 a5 15. bxc5 bxc5 16. Nb5 Ngf6 17. Nc1 Nb8 18. Bd2 Qd8 19. Nb3 Ne8 20. Bc3 f5 21. f4 Qe7 22. fxe5 Bxe5 23. Nxa5 f4 24. Nb3 Nd7 25. Bg4 Bxc3 26. Qxc3+ Ne5 27. Bxc8 Rxc8 28. Nd2 Ra8 29. Nf3 Kg8 30. Nxe5 dxe5 31. a5 Ra6 32. Qh3 Nf6 33. d6 Qf7 34. Qd3 Rd8 35. Rfd1 Qg7 36. Qa3 Nxe4 37. Re1 Nxd6 38. Qxc5 Nb7 1/2-1/2

[Event "Bydgoszcz op-A"]
[Site "Bydgoszcz"]
[Date "2023.06.28"]
[Round "5"]
[White "Turski, Bartlomiej"]
[Black "Bazilius, Augustinas"]
[Result "1-0"]
[WhiteElo "2317"]
[BlackElo "2110"]
[PlyCount "81"]
[EventDate "2023.06.24"]
[EventType "swiss"]
[EventRounds "9"]
[EventCountry "POL"]
[SourceTitle "CBM 215 Extra"]
[Source "ChessBase"]
[SourceDate "2023.09.30"]
[SourceVersion "1"]
[SourceVersionDate "2023.09.30"]
[SourceQuality "1"]

1. e4 c5 2. Nf3 e6 3. g3 a6 4. a4 Nc6 5. Bg2 Nf6 6. d3 d6 7. 0-0 Be7 8. Re1 0-0 9. d4 cxd4 10. Nxd4 d5 11. exd5 Nxd4 12. Qxd4 Nxd5 13. c3 Bf6 14. Qd1 Qc7 15. Nd2 Rd8 16. Ne4 Be7 17. Qb3 Qb6 18. Qxb6 Nxb6 19. b3 f5 20. Bg5 Kf7 21. Bxe7 Kxe7 22. Nc5 Nd5 23. c4 Nb4 24. Re2 Rb8 25. Nxe6 Bxe6 26. Rae1 Kf8 27. Rxe6 Nc2 28. Rb1 b6 29. a5 bxa5 30. Rxa6 Na3 31. Rc1 Rxb3 32. Rxa5 g6 33. c5 Rc8 34. Ra7 h5 35. c6 Nb5 36. Rb7 Rc7 37. Bd5 Rb2 38. Rc5 Rb1+ 39. Kg2 Rxb7 40. cxb7 Nd6 41. Rc8+ 1-0

[Event "Krakow op-A 33rd"]
[Site "Krakow"]
[Date "2022.12.27"]
[Round "1"]
[White "Klepek, Witold"]
[Black "Turski, Bartlomiej"]
[Result "0-1"]
[WhiteElo "2216"]
[BlackElo "2375"]
[PlyCount "58"]
[EventDate "2022.12.27"]
[EventType "swiss"]
[EventRounds "9"]
[EventCountry "POL"]
[SourceTitle "CBM 212 Extra"]
[Source "ChessBase"]
[SourceDate "2023.03.31"]
[SourceVersion "1"]
[SourceVersionDate "2023.03.31"]
[SourceQuality "1"]

1. e4 c5 2. d4 cxd4 3. c3 Nf6 4. e5 Nd5 5. Nf3 Nc6 6. cxd4 d6 7. Bc4 Nb6 8. Bb5 dxe5 9. Nxe5 Bd7 10. Qb3 e6 11. Be3 Bd6 12. Nxd7 Qxd7 13. Nc3 0-0 14. 0-0 Qc7 15. g3 Na5 16. Qd1 Nac4 17. Rc1 Nxe3 18. fxe3 Bxg3 19. Rc2 Bd6 20. Bd3 f5 21. e4 Qd7 22. exf5 exf5 23. Qh5 g6 24. Rg2 Qg7 25. Qh4 Be7 26. Qf4 Rad8 27. d5 Kh8 28. Bc4 g5 29. d6 Rxd6 0-1

[Event "Titled Tuesday intern op 13th Sep Late"]
[Site "Chess.com INT"]
[Date "2022.09.13"]
[Round "1"]
[White "Turski, Bartlomiej"]
[Black "Hoffmann, Asa"]
[Result "1-0"]
[WhiteElo "2380"]
[BlackElo "2185"]
[PlyCount "91"]
[EventDate "2022.09.13"]
[EventType "swiss (blitz)"]
[EventRounds "11"]
[EventCountry "USA"]
[SourceTitle "EXT 2023"]
[Source "ChessBase"]
[SourceDate "2022.10.05"]
[SourceVersion "1"]
[SourceVersionDate "2022.10.05"]
[SourceQuality "1"]

1. e4 d6 2. d4 Nf6 3. Nc3 c6 4. Be3 Ng4 5. Bc1 e5 6. f3 Nf6 7. dxe5 dxe5 8. Qxd8+ Kxd8 9. Bc4 Be6 10. Bxe6 fxe6 11. Bg5 Nbd7 12. 0-0-0 Kc7 13. Nge2 Bc5 14. a4 a5 15. b3 Rhf8 16. Kb2 h6 17. Bd2 g5 18. h4 Rg8 19. hxg5 hxg5 20. g4 Be7 21. Rh6 Rg7 22. Rdh1 Rf8 23. R1h3 b6 24. Nc1 Kd6 25. Nd3 Ng8 26. R6h5 Rgf7 27. Ne1 Rg7 28. Nd1 Kc7 29. Ne3 Bc5 30. Nc4 Be7 31. Nd3 Bf6 32. Bc3 Rgf7 33. Ndxe5 Bxe5 34. Nxe5 Nxe5 35. Bxe5+ Kb7 36. Rxg5 Ne7 37. Bd6 Rd8 38. Bxe7 Rxe7 39. f4 Rd4 40. Re5 Kc7 41. g5 Kd6 42. g6 Rg7 43. Rh8 c5 44. Rd8+ Ke7 45. Rxd4 cxd4 46. f5 1-0

[Event "POL-chT 2nd League"]
[Site "Jastrzebia Gora"]
[Date "2022.09.11"]
[Round "9.2"]
[White "Turski, Bartlomiej"]
[Black "Paprocki, Antoni"]
[Result "1/2-1/2"]
[WhiteElo "2380"]
[BlackElo "2074"]
[PlyCount "33"]
[EventDate "2022.09.03"]
[EventType "team-swiss"]
[EventRounds "9"]
[EventCountry "POL"]
[SourceTitle "CBM 210 Extra"]
[Source "ChessBase"]
[SourceDate "2022.11.30"]
[SourceVersion "1"]
[SourceVersionDate "2022.11.30"]
[SourceQuality "1"]
[WhiteTeam "Bydgoszcz Energia Gwiazda"]
[BlackTeam "Krakow Gens Una Sumus"]
[WhiteTeamCountry "POL"]
[BlackTeamCountry "POL"]

1. e4 c6 2. d4 d5 3. Nc3 dxe4 4. Nxe4 Bf5 5. Ng3 Bg6 6. h4 h6 7. Nf3 e6 8. Ne5 Bh7 9. Bd3 Bxd3 10. Qxd3 Nd7 11. Qe2 Ngf6 12. Bd2 c5 13. dxc5 Bxc5 14. 0-0-0 Nxe5 15. Qxe5 Qd5 16. Qxd5 Nxd5 17. Ne4 1/2-1/2

[Event "POL-chT 2nd League"]
[Site "Jastrzebia Gora"]
[Date "2022.09.10"]
[Round "8.3"]
[White "Turski, Bartlomiej"]
[Black "Dubinski, Mateusz"]
[Result "1-0"]
[WhiteElo "2380"]
[BlackElo "2250"]
[PlyCount "59"]
[EventDate "2022.09.03"]
[EventType "team-swiss"]
[EventRounds "9"]
[EventCountry "POL"]
[SourceTitle "CBM 210 Extra"]
[Source "ChessBase"]
[SourceDate "2022.11.30"]
[SourceVersion "1"]
[SourceVersionDate "2022.11.30"]
[SourceQuality "1"]
[WhiteTeam "Bydgoszcz Energia Gwiazda"]
[BlackTeam "Wroclaw Kopernik"]
[WhiteTeamCountry "POL"]
[BlackTeamCountry "POL"]

1. e4 c5 2. Nf3 d6 3. d4 cxd4 4. Nxd4 Nf6 5. Nc3 a6 6. Be3 e5 7. Nf3 Be7 8. Bc4 Nc6 9. 0-0 h6 10. Nh4 Na5 11. Bd5 g6 12. Nf3 Kf8 13. h3 Qc7 14. Nd2 Be6 15. f4 Bxd5 16. fxe5 dxe5 17. exd5 Kg7 18. Qf3 Raf8 19. Rad1 b5 20. Nde4 Nxe4 21. Nxe4 Nc4 22. d6 Nxd6 23. Nxd6 f5 24. Qd5 Rf6 25. Nb7 Rc6 26. Na5 Rxc2 27. Qe6 Rd8 28. Rxd8 Bxd8 29. Rd1 Kh8 30. Qe8+ 1-0